000 00495nam a2200169 i 4500
001 34215
003 ES-MaACL
005 20230906154908.0
007 t|
008 030204s1914 sp ||||1| spa d
100 1 _aBlanco y Sánchez, Rufino.
_929311
245 1 0 _aTratado elemental de pedagogía /
_cRufino Blanco y Sánchez.
250 _a6ª ed.
260 _aMadrid :
_b[s.n.,
_c1914] (
_fTipografía de la Revista de Archivos)
300 _a384 p. ;
_c19 cm.
852 _aES-MaACL
_jF-12823
999 _c34215
_d34215